000
00256nam a2200109Ia 4500
008
220204s9999 xx 000 0 und d
082
_a
51(035)
_b
VYG
100
_a
Vygodsky, M
245
0
_a
Mathematical handbook
260
_a
Moscow
_b
Mir
_c
1975
942
_c
BK
999
_c
26131
_d
26131